000 00515nam a22001697a 4500
005 20251108172537.0
008 250721s9999 xx 000 0 ara d
082 1 4 _a519.5عبد
100 1 _aعبدالجبار، قيس ناجي
245 1 0 _aأصول الإحصاء والطرق الإحصائية /
264 1 _aعمان :
_bدار المناهج،
300 _a156 ص
650 1 7 _aالتحليل الإحصائي
650 1 7 _aالمفاهيم الإحصائية
942 _2ddc
_cBK
999 _c82093
_d82093